Ollagüe.

Detalles Bibliográficos
Autor Corporativo: Instituto Geográfico Militar (Chile)
Formato: Mapa
Lenguaje:español
Publicado: Santiago, Chile Instituto Geográfico Militar 2009
Edición:3a. ed.
Materias:

MARC

LEADER 00000cem a2200000 a 4500
001 038556
003 UAHC_CL
005 20170803124255.0
008 111115b2009 cl 000 spa
040 |a UAHC_CL  |c UAHC_CL  |d UAHC_CL 
245 1 0 |a Ollagüe. 
250 |a 3a. ed. 
255 |a Escala : 1:250.000 
260 |b Instituto Geográfico Militar  |c 2009  |a Santiago, Chile 
300 |a 1 mapa  |b col.  |c 51.7 x 44.4 cm 
500 |a Escala : 1:250.000 
650 4 |a OLLAGE (CHILE) 
653 |a LICENCIATURA EN HISTORIA 
653 |a GEOGRAFIA 
710 1 |a Instituto Geográfico Militar (Chile) 
900 |a R.912.83135 OLL 
942 |c MAP 
952 |0 0  |1 0  |4 0  |6 R__912_831350000000000_OLL  |7 0  |8 Mapoteca  |9 73783  |a BC  |b BC  |c Mapoteca  |d 2017-08-03  |l 0  |o R.912.83135 OLL  |p 1392023  |r 2019-12-09 00:00:00  |t 1  |w 2017-08-03  |y MAP 
952 |0 0  |1 0  |4 0  |6 R__912_831350000000000_OLL  |7 0  |8 Mapoteca  |9 73784  |a BC  |b BC  |c Mapoteca  |d 2017-08-03  |l 0  |o R.912.83135 OLL  |p 1410531  |r 2019-12-09 00:00:00  |t 2  |w 2017-08-03  |y MAP 
999 |c 38556  |d 38556